| 000 | 01681cam a2200325 i 4500 | ||
|---|---|---|---|
| 999 |
_c5953 _d5953 |
||
| 001 | 18226269 | ||
| 003 | OSt | ||
| 005 | 20190905115753.0 | ||
| 008 | 140715s2015 flua b 001 0 eng | ||
| 010 | _a 2014028018 | ||
| 020 | _a9781439838228 (hardback) | ||
| 040 |
_aDLC _beng _cDLC _erda _dDLC |
||
| 042 | _apcc | ||
| 050 | 0 | 0 |
_aQA76.758 _b.F46 2015 |
| 082 | 0 | 0 |
_a005.3 _223 _bFEN 2015 |
| 100 | 1 |
_aFenton, Norman E.; Bieman, James. _d1956- _912351 |
|
| 245 | 1 | 0 |
_aSoftware metrics : _ba rigorous and practical approach |
| 250 | _a3rd.ed. | ||
| 264 | 1 |
_aBoca Raton : _bCRC Press, Taylor & Francie Group, _c2014. |
|
| 300 |
_axxi, 595 pages : _billustrations ; _c25 cm |
||
| 336 |
_atext _btxt _2rdacontent |
||
| 337 |
_aunmediated _bn _2rdamedia |
||
| 338 |
_avolume _bnc _2rdacarrier |
||
| 490 | 0 | _aChapman & Hall/CRC innovations in software engineering and software development | |
| 504 | _aIncludes bibliographical references (pages 555-576) and index. | ||
| 520 |
_a"This book provides an up-to-date and rigorous framework for controlling, managing, and predicting software development processes. Emphasizing real-world applications, the authors apply basic ideas in measurement theory to quantify software development resources, processes, and products. The text offers an accessible and comprehensive introduction to software metrics. It features extensive case studies in addition to worked examples and exercises. This new edition covers current research and practical applications of cost estimation methods in practice"-- _cProvided by publisher. |
||
| 650 | 0 |
_aComputer software _912353 |
|
| 906 |
_a7 _bcbc _corignew _d1 _eecip _f20 _gy-gencatlg |
||
| 942 |
_2ddc _cSLOAN |
||